[Event "400 Stay Safe Play From Home series"]
[Site "Emanuel Lasker Arena"]
[Date "2020.08.21"]
[Round "7"]
[White "AChessPlayer"]
[Black "Lazieri3"]
[Result "1-0"]
[WhiteElo "2438"]
[BlackElo "1987"]
[Annotator "TA"]
[PlyCount "65"]
[EventDate "2020.08.21"]
[EventType "swiss (blitz)"]

{[%evp 9,65,16,18,23,65,29,76,25,26,20,37,16,91,-11,2,-41,-10,-16,-11,-18,0,-8,-13,-8,0,0,16,12,13,0,0,0,278,64,54,47,141,127,172,189,507,507,549,558,553,544,527,467,507,490,560,541,692,693,715,689,679,656]} 1. Nf3 c6 2. g3 d5 3. Bg2 Nf6 4. O-O Bf5 5. d3 h6 6. b3 {A07: Réti Opening: New York and Capablanca Systems.} Qc8 7. Re1 {[#]} Bh3 $146 ({Predecessor:} 7... e6 8. Bb2 Be7 9. Nbd2 Nbd7 10. e4 Bg6 11. c4 dxe4 12. Nxe4 O-O 13. Ne5 Nxe5 14. Bxe5 {½-½ (46) Husser,O (1855)-Daebel,H (1737) Magdeburg 2015}) 8. Bh1 (8. Ba3 $16) 8... e6 $11 9. Bb2 Bc5 10. c4 O-O (10... Nbd7 $11) 11. Qd2 (11. cxd5 $16 exd5 12. Bxf6 gxf6 13. Qc1) 11... Nbd7 12. d4 Be7 13. Nc3 a5 14. a3 Qc7 15. e4 dxe4 16. Nxe4 Nxe4 17. Rxe4 Nf6 18. Ree1 Rfd8 19. Qc3 Rac8 20. Ne5 b5 $2 {[%mdl 8192] [#]} (20... Nd7 $11 {and Black has nothing to worry.}) 21. Rad1 $2 ({Less strong is} 21. Bxc6 b4 $16) (21. Nxc6 $18 bxc4 22. Nxd8 (22. bxc4 Rd6 $16) 22... Bxd8 23. bxc4) 21... b4 $14 22. Qc1 bxa3 (22... Qb7 $14) 23. Bxa3 $16 Bxa3 24. Qxa3 Nd7 $2 (24... Qb6 25. Qc5 Qxc5 26. dxc5 Rxd1 27. Rxd1 Rb8) 25. Nxc6 $18 {[%mdl 64] [#] Double Attack. White is clearly winning.} Re8 26. Ne7+ {[%mdl 64] Double Attack} Kh7 27. Nxc8 Rxc8 28. d5 exd5 29. Rxd5 Nf6 30. Rxa5 {[%cal Bd5a5,Ba5a7,Ba7f7][%mdl 32]} Rd8 31. Ra7 Qb6 32. c5 Qb5 33. Rxf7 {Accuracy: White = 62%, Black = 47%.} 1-0

[Event "400 Stay Safe Play From Home series"]
[Site "Emanuel Lasker Arena"]
[Date "2020.08.21"]
[Round "7"]
[White "Mepe_Nika"]
[Black "IceQueen"]
[Result "1-0"]
[WhiteElo "2320"]
[BlackElo "2484"]
[Annotator "RC"]
[PlyCount "49"]
[EventDate "2020.08.21"]
[EventType "swiss (blitz)"]

1. a3 {[%emt 0:00:02]} Nf6 {[%emt 0:00:01]} 2. d4 {[%emt 0:00:01]} g6 {[%emt 0:00:01]} 3. g3 {[%emt 0:00:01]} Bg7 {[%emt 0:00:01]} 4. Bg2 {[%emt 0:00:00]} d5 {[%emt 0:00:00]} 5. Nf3 {[%emt 0:00:02]} O-O {[%emt 0:00:00]} 6. O-O {[%emt 0:00:00]} Bf5 {[%emt 0:00:00]} 7. Bf4 {[%emt 0:00:01]} c5 {[%emt 0:00:03]} 8. c3 {[%emt 0:00:01]} Ne4 {[%emt 0:00:01]} 9. dxc5 {[%emt 0:00:01]} Nxc5 {[%emt 0:00:02]} 10. Nbd2 {[%emt 0:00:01]} Nc6 {[%emt 0:00:01]} 11. h3 {[%emt 0:00:02]} Rc8 {[%emt 0:00:01]} 12. g4 {[%emt 0:00:00]} Bd7 {[%emt 0:00:02]} 13. Re1 {[%emt 0:00:00]} e5 {[%emt 0:00:01]} 14. Bg3 {[%emt 0:00:01]} f5 {[%emt 0:00:01]} 15. gxf5 {[%emt 0:00:02]} gxf5 {[%emt 0:00:00]} 16. e3 {[%emt 0:00:01]} Nd3 {[%emt 0:00:03]} 17. Qb3 {[%emt 0:00:01]} Be6 {[%emt 0:00:03]} 18. Bh4 {[%emt 0:00:02]} Qd7 {[%emt 0:00:01]} 19. Ng5 {[%emt 0:00:01]} Nxe1 {[%emt 0:00:02]} 20. Nxe6 {[%emt 0:00:02]} Qxe6 {[%emt 0:00:01]} 21. Bxd5 {[%emt 0:00:01]} Qxd5 {[%emt 0:00:03]} 22. Qxd5+ {[%emt 0:00:00]} Kh8 {[%emt 0:00:01]} 23. Rxe1 {[%emt 0:00:00]} f4 {[%emt 0:00:01]} 24. exf4 {[%emt 0:00:02]} exf4 {[%emt 0:00:00]} 25. Nf3 {[%emt 0:00:01] IceQueen resigns IceQueen resigns IceQueen resigns (Lag: Av=0.44s, max=0.8s) (Lag: Av=0.44s, max=0.8s) (Lag: Av=0.44s, max=0.8s)} 1-0

[Event "400 Stay Safe Play From Home series"]
[Site "Emanuel Lasker Arena"]
[Date "2020.08.21"]
[Round "7"]
[White "Hickey"]
[Black "MihailoVujic"]
[Result "1-0"]
[WhiteElo "2215"]
[BlackElo "2202"]
[Annotator "TA"]
[PlyCount "107"]
[EventDate "2020.08.21"]
[EventType "swiss (blitz)"]

{[%evp 9,107,-57,-66,-75,-56,-58,-73,-75,23,20,22,22,22,23,26,25,26,23,50,42,55,21,162,167,664,662,764,760,796,806,772,781,801,807,810,800,808,796,795,800,854,853,845,839,817,796,772,-9,-9,-9,-9,-8,-8,-9,-8,-10,0,0,8,8,39,39,53,29,33,23,72,14,14,14,14,18,39,40,125,118,125,125,122,118,268,155,1144,-2,-2,-6,-6,-6,-2,-2,0,0,29984,0,8,0,0,0,0,-14]} 1. Nf3 e5 2. g3 e4 3. Ng1 {[#]} d5 $146 ({Predecessor:} 3... b6 4. d3 exd3 5. cxd3 Bb7 6. f3 Bb4+ 7. Nd2 Bc5 8. e4 Bxg1 9. Rxg1 Ne7 10. Kf2 {0-1 (21) Joe,J-Lam,K Victoria 2008}) 4. d3 f5 5. dxe4 fxe4 6. c4 {A00: Irregular Openings.} d4 ({Reject} 6... dxc4 $6 7. Qxd8+ Kxd8 8. Nc3 $11) 7. Bg2 Nf6 8. Bg5 {Black is better.} Bc5 (8... Bb4+ $17 9. Nd2 O-O) 9. Nd2 $11 e3 10. fxe3 dxe3 11. Ne4 Bb4+ 12. Nc3 Bxc3+ 13. bxc3 {White wants to play Qxd8+.} Qxd1+ 14. Rxd1 O-O 15. Bxe3 Be6 (15... Re8 $11 {and Black is okay.} 16. Bf4 c6) 16. Bxb7 $18 Bxc4 $2 (16... Nbd7) 17. Bxa8 Na6 18. Bg2 Ng4 19. Bd4 c5 20. h3 cxd4 21. hxg4 dxc3 22. Rc1 Nb4 23. Rxc3 Bxa2 24. Nf3 a5 25. Ne5 Bd5 26. Bxd5+ Nxd5 27. Rd3 Nb4 28. Ra3 $2 ({White should try} 28. Rd7 $18) 28... Nc2+ $11 {[%mdl 64] [#] Double Attack} 29. Kd2 Nxa3 {[%mdl 4096] Endgame KRN-KRN} 30. Ra1 Re8 31. Nd3 Nc4+ 32. Kc3 Re4 33. g5 Ne3 34. Rxa5 Rc4+ (34... Nf1 {feels hotter.} 35. g4 Rxe2 36. Ra8+ Kf7 37. Kd4 Rd2) 35. Kd2 Ng4 36. Ra8+ Kf7 37. Nf4 Rc5 38. g6+ (38. Ra7+ $16 Kg8 39. Ne6 Rd5+ 40. Kc3) 38... hxg6 39. Ra7+ Kf6 40. Ra6+ Kf5 41. Rxg6 {Strongly threatening e4+!} Ne5 ({Black should play} 41... Rd5+ $14 42. Ke1 (42. Nxd5 Kxg6 43. e4 Kg5 $16) 42... Ne5) 42. Rxg7 $16 Nc4+ 43. Ke1 Ne5 44. Kf2 Ke4 {[#]} (44... Rc8 $16 {was necessary.} 45. Re7 Rd8) 45. Re7 (45. Nd3 $1 $18 {[%cal Rd3c5]} Nxd3+ 46. exd3+ Kxd3 47. g4) 45... Rc2 $2 (45... Kf5 $16 46. Nd3 Nxd3+ 47. exd3 Rc2+ 48. Kf3 Rd2) 46. Rxe5+ $2 (46. Ng6 $18 Kf5 47. Nxe5) 46... Kxe5 $18 {KR-KN} 47. Nd3+ Ke4 48. Nf4 Kd4 49. Nd3 Kc3 50. Ne1 Kd2 $2 {[%mdl 8192]} (50... Rb2 $11) 51. Nf3+ $2 (51. Nxc2 {mates} Kc3 52. Kf3 Kb3 53. Ne3 Kb4 54. Nf5 Kb5 55. e4 Ka5 56. g4) 51... Kd1 {The position is equal.} 52. Ke3 Rxe2+ 53. Kf4 Rf2 54. Kg4 {[%mdl 32768] Accuracy: White = 78%, Black = 53%. . Sensor Board Error (Ke4/e5)?} 1-0

[Event "400 Stay Safe Play From Home series"]
[Site "Emanuel Lasker Arena"]
[Date "2020.08.21"]
[Round "7"]
[White "Stefanone"]
[Black "NIK-MCS1"]
[Result "1-0"]
[WhiteElo "1977"]
[BlackElo "1705"]
[Annotator "TA"]
[PlyCount "109"]
[EventDate "2020.08.21"]
[EventType "swiss (blitz)"]

{[%evp 9,109,31,93,-29,142,57,58,-82,-14,-14,25,-87,-85,-116,-126,-121,0,-41,-43,-65,131,124,121,92,153,142,143,-35,-40,-37,25,-39,104,97,110,50,62,30,50,32,62,62,58,39,68,63,74,81,104,119,144,99,245,220,231,157,162,45,319,312,312,303,289,227,300,282,280,70,514,502,487,311,842,615,741,714,679,657,707,551,29981,29982,29992,29993,29993,29994,29994,29995,29997,29995,29995,29995,29996,29995,29996,29995,29996,29995,29995,29996,29996,29996]} 1. d4 d6 2. e3 c6 3. f4 Nd7 4. Nf3 Qc7 {[#]} 5. Bc4 $146 ({Predecessor:} 5. c3 e5 6. dxe5 dxe5 7. Bc4 b5 8. Bxf7+ Kxf7 9. Qb3+ Ke8 10. Ng5 Nc5 11. Qc2 {½-½ (21) Arguello Cardoni,C (1617)-Serra,M (1541) Tacuari 2018}) 5... e5 (5... Ngf6 $14) 6. O-O {A41: 1 d4 d6: Tartakower System and Modern Defence.} (6. fxe5 $16 {Ng5 is the strong threat.} dxe5 7. O-O) 6... Be7 $2 {[#]} (6... e4 $11 7. Nfd2 d5) 7. dxe5 (7. fxe5 $1 $16 d5 8. Bb3) 7... dxe5 $14 8. Bb3 (8. fxe5 $14 Nh6 9. Qd4) 8... exf4 (8... Ngf6 $17) 9. exf4 Ngf6 10. Ne5 (10. Re1 $11) 10... O-O $17 11. Qf3 Nxe5 12. fxe5 Nd5 (12... Bc5+ $17 13. Kh1 Qxe5) 13. Qg3 Be6 14. Bh6 {[%csl Gh6][%cal Rg3g7]} g6 $2 (14... Bc5+ $1 $15 {keeps the upper hand.} 15. Kh1 f6) 15. Bxf8 $16 Bxf8 16. Nc3 Bg7 (16... Nxc3 $142 17. bxc3 (17. Qxc3 Re8 $16) 17... Re8) 17. Nxd5 cxd5 {[#]} 18. Rac1 $2 (18. Rfe1 $1 $16) 18... Bxe5 $15 19. Qh4 Qd6 ({Black should try} 19... Bxb2 $15 20. Rcd1 Rd8) 20. c4 (20. c3 $11) 20... d4 (20... Qc5+ $15 {stays ahead.} 21. Kh1 Rc8) 21. c5 $36 {[%mdl 2048] White is on the roll.} Qd7 22. Bxe6 (22. Rce1 $16 Bxb3 23. Rxe5 Bxa2 24. Re7) 22... Qxe6 $14 23. Rce1 f6 24. Qe4 Qd7 25. b4 Rc8 26. Rd1 Rd8 27. a3 Kg7 28. g4 a6 29. g5 Rc8 30. Rde1 {And now Qh4 would win.} Rf8 (30... d3 $16) 31. gxf6+ Bxf6 32. Qd3 h6 33. Qg3 (33. Re2 $18) 33... Bg5 $2 {[%mdl 8192]} ({Better is} 33... d3 $14) 34. Rxf8 $18 Kxf8 {[%mdl 4096] Endgame KQR-KQB} 35. Rf1+ Kg7 36. Qf3 {Threatens to win with Qf8+.} Be3+ 37. Kg2 {Hoping for Qf8+.} Qe7 38. Qg3 $2 (38. Qd5 $18) 38... Qg5 $2 {[%mdl 8192]} ({Black should play} 38... Qe4+ $14 39. Qf3 Qe7) 39. Qxg5 hxg5 {KR-KB} 40. Rd1 Bf4 $2 (40... Kf6 41. Rf1+ Bf4) 41. Kf3 Be3 42. Ke4 Kf6 43. a4 g4 44. b5 a5 45. c6 {White mates.} d3 46. c7 d2 47. c8=Q Kg5 48. Kxe3 Kh5 49. Kf2 Kh4 50. Kg2 g3 51. Qh8+ Kg4 {[#]} 52. Qb8 $1 g5 53. Qxg3+ Kh5 54. Qd3 g4 55. Rxd2 {Accuracy: White = 37%, Black = 27%.} 1-0

[Event "400 Stay Safe Play From Home series"]
[Site "Emanuel Lasker Arena"]
[Date "2020.08.21"]
[Round "7"]
[White "Schachwerk_64"]
[Black "Trotsky"]
[Result "1-0"]
[WhiteElo "1963"]
[BlackElo "1585"]
[Annotator "NA RC"]
[PlyCount "43"]
[EventDate "2020.08.21"]
[EventType "swiss (blitz)"]

1. g3 {[%emt 0:00:02]} d5 {[%emt 0:00:01]} 2. Bg2 {[%emt 0:00:00]} e6 {[%emt 0:00:00]} 3. c4 {[%emt 0:00:01]} c5 {[%emt 0:00:00]} 4. cxd5 {[%emt 0:00:01]} exd5 {[%emt 0:00:00]} 5. d4 {[%emt 0:00:01]} Be6 {[%emt 0:00:01]} 6. dxc5 {[%emt 0:00:01]} Bxc5 {[%emt 0:00:01]} 7. Nf3 {[%emt 0:00:03]} Nc6 {[%emt 0:00:01]} 8. O-O {[%emt 0:00:03]} Qc7 {[%emt 0:00:01]} 9. Bf4 {[%emt 0:00:01]} Bd6 {[%emt 0:00:01]} 10. Bxd6 {[%emt 0:00:01]} Qxd6 {[%emt 0:00:01]} 11. e3 {[%emt 0:00:00]} Nf6 {[%emt 0:00:01]} 12. Nc3 {[%emt 0:00:00]} a6 {[%emt 0:00:02]} 13. Nd4 {[%emt 0:00:00]} O-O-O {[%emt 0:00:02]} 14. Qb3 {[%emt 0:00:03]} h5 {[%emt 0:00:02]} 15. a4 {[%emt 0:00:03]} Ng4 {[%emt 0:00:01]} 16. Ncb5 {[%emt 0:00:03]} Qb8 {[%emt 0:00:02]} 17. Rfc1 {[%emt 0:00:05]} Bd7 {[%emt 0:00:06]} 18. Bxd5 {[%emt 0:00:05]} h4 {[%emt 0:00:01]} 19. Nxc6 {[%emt 0:00:08]} bxc6 {[%emt 0:00:06]} 20. Bxc6 {[%emt 0:00:00]} hxg3 {[%emt 0:00:04]} 21. Bxd7+ {[%emt 0:00:01]} Kxd7 {[%emt 0:00:01]} 22. Qxf7# {[%emt 0:00:01] (Lag: Av=0.29s, max=0.7s) (Lag: Av=0.29s, max=0.7s) (Lag: Av=0.29s, max=0.7s)} 1-0

[Event "400 Stay Safe Play From Home series"]
[Site "Emanuel Lasker Arena"]
[Date "2020.08.21"]
[Round "7"]
[White "GIULIO19031975"]
[Black "Buzaglo"]
[Result "0-1"]
[WhiteElo "1813"]
[BlackElo "1858"]
[Annotator "NA RC"]
[PlyCount "88"]
[EventDate "2020.08.21"]
[EventType "swiss (blitz)"]

1. e4 {[%emt 0:00:02]} e6 {[%emt 0:00:00]} 2. Nf3 {[%emt 0:00:00]} d5 {[%emt 0:00:00]} 3. exd5 {[%emt 0:00:01]} c5 {[%emt 0:00:00]} 4. dxe6 {[%emt 0:00:01]} Bxe6 {[%emt 0:00:00]} 5. Be2 {[%emt 0:00:01]} Nf6 {[%emt 0:00:01]} 6. h3 {[%emt 0:00:00]} Bd6 {[%emt 0:00:01]} 7. O-O {[%emt 0:00:00]} Nc6 {[%emt 0:00:01]} 8. c3 {[%emt 0:00:00]} O-O {[%emt 0:00:00]} 9. d4 {[%emt 0:00:01]} cxd4 {[%emt 0:00:01]} 10. cxd4 {[%emt 0:00:01]} Bd5 {[%emt 0:00:01]} 11. Nc3 {[%emt 0:00:01]} Bb4 {[%emt 0:00:01]} 12. a3 {[%emt 0:00:01]} Ba5 {[%emt 0:00:02]} 13. b4 {[%emt 0:00:01]} Bb6 {[%emt 0:00:01]} 14. b5 {[%emt 0:00:01]} Na5 {[%emt 0:00:02]} 15. a4 {[%emt 0:00:01]} Bc4 {[%emt 0:00:03]} 16. Bxc4 {[%emt 0:00:01]} Nxc4 {[%emt 0:00:00]} 17. a5 {[%emt 0:00:02]} Bc7 {[%emt 0:00:01]} 18. Qb3 {[%emt 0:00:02]} Nd6 {[%emt 0:00:01]} 19. b6 {[%emt 0:00:01]} axb6 {[%emt 0:00:01]} 20. Bg5 {[%emt 0:00:02]} bxa5 {[%emt 0:00:01]} 21. Nd5 {[%emt 0:00:03]} Nde4 {[%emt 0:00:04]} 22. Nxc7 {[%emt 0:00:02]} Qxc7 {[%emt 0:00:00]} 23. Rac1 {[%emt 0:00:02]} Qd6 {[%emt 0:00:01]} 24. Bh4 {[%emt 0:00:03]} b6 {[%emt 0:00:04]} 25. Ne5 {[%emt 0:00:02]} Qd5 {[%emt 0:00:02]} 26. Qxb6 {[%emt 0:00:03]} Rab8 {[%emt 0:00:05]} 27. Qa6 {[%emt 0:00:04]} Ra8 {[%emt 0:00:02]} 28. Qe2 {[%emt 0:00:01]} Rac8 {[%emt 0:00:02]} 29. f3 {[%emt 0:00:00]} Rxc1 {[%emt 0:00:02]} 30. Rxc1 {[%emt 0:00:01]} a4 {[%emt 0:00:00]} 31. fxe4 {[%emt 0:00:01]} Qxe4 {[%emt 0:00:01]} 32. Qa2 {[%emt 0:00:02]} Qxd4+ {[%emt 0:00:01]} 33. Bf2 {[%emt 0:00:02]} Qxe5 {[%emt 0:00:01]} 34. Qxa4 {[%emt 0:00:01]} Ne4 {[%emt 0:00:01]} 35. Re1 {[%emt 0:00:01]} Re8 {[%emt 0:00:04]} 36. Kf1 {[%emt 0:00:04]} f5 {[%emt 0:00:01]} 37. Rxe4 {[%emt 0:00:02]} fxe4 {[%emt 0:00:01]} 38. Bg3 {[%emt 0:00:01]} Qe6 {[%emt 0:00:01]} 39. Qd1 {[%emt 0:00:01]} Qf7+ {[%emt 0:00:00]} 40. Kg1 {[%emt 0:00:00]} Qe6 {[%emt 0:00:00]} 41. Qe2 {[%emt 0:00:00]} e3 {[%emt 0:00:00]} 42. Kh2 {[%emt 0:00:01]} Rf8 {[%emt 0:00:00]} 43. h4 {[%emt 0:00:00]} Qf7 {[%emt 0:00:00]} 44. h5 {[%emt 0:00:00]} Re8 {[%emt 0:00:00] Tempo Tempo Tempo (Lag: Av=0.71s, max=1.2s) (Lag: Av=0.71s, max=1.2s) (Lag: Av=0.71s, max=1.2s)} 0-1

[Event "400 Stay Safe Play From Home series"]
[Site "Emanuel Lasker Arena"]
[Date "2020.08.21"]
[Round "7"]
[White "Ao017545"]
[Black "Oscolucano"]
[Result "1-0"]
[WhiteElo "1594"]
[BlackElo "1116"]
[Annotator "NA RC"]
[PlyCount "61"]
[EventDate "2020.08.21"]
[EventType "swiss (blitz)"]

1. e4 {[%emt 0:00:02]} c5 {[%emt 0:00:01]} 2. Nf3 {[%emt 0:00:00]} d6 {[%emt 0:00:01]} 3. Bc4 {[%emt 0:00:00]} e6 {[%emt 0:00:01]} 4. d3 {[%emt 0:00:02]} a6 {[%emt 0:00:01]} 5. Bg5 {[%emt 0:00:01]} Be7 {[%emt 0:00:02]} 6. h4 {[%emt 0:00:03]} Bxg5 {[%emt 0:00:01]} 7. Nxg5 {[%emt 0:00:01]} h6 {[%emt 0:00:02]} 8. Qh5 {[%emt 0:00:01]} Qe7 {[%emt 0:00:03]} 9. Nc3 {[%emt 0:00:08]} Nf6 {[%emt 0:00:01]} 10. Qf3 {[%emt 0:00:10]} hxg5 {[%emt 0:00:01]} 11. e5 {[%emt 0:00:02]} dxe5 {[%emt 0:00:03]} 12. O-O-O {[%emt 0:00:02]} b5 {[%emt 0:00:02]} 13. Qxa8 {[%emt 0:00:02]} bxc4 {[%emt 0:00:02]} 14. Qxb8 {[%emt 0:00:00]} O-O {[%emt 0:00:02]} 15. Qxe5 {[%emt 0:00:02]} cxd3 {[%emt 0:00:05]} 16. hxg5 {[%emt 0:00:01]} Ng4 {[%emt 0:00:07]} 17. Qg3 {[%emt 0:00:05]} dxc2 {[%emt 0:00:01]} 18. Rd3 {[%emt 0:00:05]} Qxg5+ {[%emt 0:00:02]} 19. Kxc2 {[%emt 0:00:04]} e5 {[%emt 0:00:01]} 20. Qh3 {[%emt 0:00:02]} Nh6 {[%emt 0:00:02]} 21. Qg3 {[%emt 0:00:02]} Qxg3 {[%emt 0:00:02]} 22. Rxg3 {[%emt 0:00:00]} Nf5 {[%emt 0:00:06]} 23. Re3 {[%emt 0:00:00]} Nd4+ {[%emt 0:00:01]} 24. Kb1 {[%emt 0:00:03]} f6 {[%emt 0:00:01]} 25. Rg3 {[%emt 0:00:00]} Bf5+ {[%emt 0:00:01]} 26. Ne4 {[%emt 0:00:00]} Bxe4+ {[%emt 0:00:02]} 27. Ka1 {[%emt 0:00:00]} Ne2 {[%emt 0:00:01]} 28. Rgh3 {[%emt 0:00:00]} Nf4 {[%emt 0:00:02]} 29. Rh8+ {[%emt 0:00:00]} Kf7 {[%emt 0:00:01]} 30. Rxf8+ {[%emt 0:00:00]} Kxf8 {[%emt 0:00:01]} 31. Rh4 {[%emt 0:00:00] Tempo Tempo Tempo} 1-0

[Event "400 Stay Safe Play From Home series"]
[Site "Emanuel Lasker Arena"]
[Date "2020.08.21"]
[Round "8"]
[White "IceQueen"]
[Black "Hickey"]
[Result "1-0"]
[WhiteElo "2459"]
[BlackElo "2231"]
[Annotator "TA"]
[PlyCount "63"]
[EventDate "2020.08.21"]
[EventType "swiss (blitz)"]

{[%evp 23,62,38,48,16,52,34,46,8,29,0,16,15,139,0,18,14,9,20,64,52,187,104,299,143,203,18,10,-52,-77,-163,-39,-176,539,535,1129,1129,1061,1027,29998,29999,29999]} 1. e4 c6 2. Nc3 d5 3. d4 dxe4 4. Nxe4 Bf5 5. Ng3 Bg6 6. h4 h6 7. f4 e6 8. Nf3 Bd6 9. h5 Bh7 10. Bd3 Bxd3 11. Qxd3 Ne7 12. Bd2 Nd7 13. O-O-O {B18: Classical Caro-Kann: 4...Bf5 sidelines.} Nf6 14. Ne5 Qc7 {[#]} 15. Kb1 $146 {White is slightly better.} ({Predecessor:} 15. Rhe1 Rf8 16. Qb3 Qb6 17. Nxf7 Rxf7 18. Qxe6 c5 19. Nf5 Bc7 20. Qc4 Kf8 21. Re6 Nxf5 22. Rxb6 axb6 23. dxc5 bxc5 24. Qxc5+ {1-0 (56) Kupczyk,E (2087)-Labedz,P (1907) Lublin 2006}) 15... Rd8 16. Qe2 c5 17. dxc5 Bxc5 (17... Qxc5 $11 18. Be3 Qc7) 18. Ne4 (18. Qb5+ $16 Kf8 19. Ba5) 18... Nxe4 $11 19. Qxe4 O-O 20. g4 Nc6 21. Nd3 Rd4 (21... Bb6 $14) 22. Qe2 (22. Qg2 $18 Rxd3 23. cxd3) 22... Nb4 $2 (22... Rd5 $16) 23. Bc3 (23. Nxb4 $18 {has better winning chances. Strongly threatening Nd3.} Rxb4 24. Bxb4 Bxb4 25. Qe5) 23... Rc4 (23... Nd5 $16 {might work better.}) 24. Nxc5 $2 (24. Bxb4 $18 Bxb4 25. Ne5 Rxf4 26. Qe3) 24... Qxc5 25. Qf3 (25. Bxb4 $11 Rxb4 26. Rhf1) 25... Nd5 $15 {[%cal Rd5c3][%mdl 64] Double Attack} 26. Be5 (26. Bd2 $17 {keeps fighting.}) 26... Rxc2 (26... f6 $1 $19 {[%cal Rf6e5]} 27. b3 fxe5 28. bxc4 Qxc4) 27. g5 {[#]} (27. Qd3 $15 Rc8 28. g5) 27... hxg5 $4 {[%mdl 8192] [#]} (27... Ne3 $1 $19 {and all is fine.} 28. Qe4 (28. Bd4 $2 Rxb2+ 29. Ka1 Qa3 $19) 28... Rc8) 28. h6 $1 $18 {[%cal Rh6g7]} f6 29. hxg7 Kxg7 30. Qh5 {[%csl Gh1][%cal Rh5h7]} fxe5 31. Qh7+ {[%mdl 64] Double Attack} Kf6 32. Rh6# {Accuracy: White = 27%, Black = 20%.} 1-0

[Event "400 Stay Safe Play From Home series"]
[Site "Emanuel Lasker Arena"]
[Date "2020.08.21"]
[Round "8"]
[White "AChessPlayer"]
[Black "MihailoVujic"]
[Result "1-0"]
[WhiteElo "2440"]
[BlackElo "2186"]
[Annotator "TA"]
[PlyCount "89"]
[EventDate "2020.08.21"]
[EventType "swiss (blitz)"]

{[%evp 13,88,2,0,-42,321,312,304,306,545,533,540,548,543,550,545,533,509,496,499,478,619,558,564,542,926,666,662,660,626,591,590,588,586,582,578,576,786,786,786,786,770,761,805,792,858,855,826,829,968,909,29975,29976,29975,29976,29976,29973,29979,29979,29982,29983,29987,29988,29989,29989,29991,29990,29990,29991,29995,29996,29997,29998,29998,29997,29998,29999,29999]} 1. Nf3 Nc6 2. g3 e5 3. d3 d5 4. Bg2 Nf6 5. O-O Be7 6. c4 O-O 7. cxd5 Nxd5 {[#]} 8. e4 $146 {A07: Réti Opening: New York and Capablanca Systems.} ({Predecessor:} 8. Nc3 Nb6 9. Be3 Re8 10. Rc1 Bf8 11. a3 Nd4 12. Bxd4 exd4 13. Nb5 c5 14. b4 cxb4 15. axb4 Nd5 16. Nfxd4 a6 17. Qb3 Nf6 18. Nc7 Qxd4 19. Rc4 Qd8 20. Nxa8 Be6 21. Bxb7 Qb8 22. Bf3 Nd5 23. Bxd5 Bxd5 24. Nc7 Bxc4 25. Qxc4 Rc8 26. Nxa6 {1-0 (26) Artemiev,V (2716)-Lobanov,S (2516) chess.com INT 2020}) 8... Be6 $2 {[%mdl 8192] [#]} (8... Ndb4 $15 {stays ahead.}) 9. exd5 $18 Bxd5 10. Nc3 {White has a decisive advantage.} f6 $2 (10... Be6 11. Re1 Qd6) 11. Nxd5 Qxd5 12. Ng5 Qd7 13. Qb3+ {[%mdl 64] [#] Double Attack} Kh8 14. Nf7+ Rxf7 15. Qxf7 Nd4 16. Be3 Ne2+ 17. Kh1 Rf8 18. Qd5 Qg4 19. Qf3 Qxf3 20. Bxf3 Nd4 21. Bxd4 exd4 22. Rfe1 Bd6 23. Bxb7 Rb8 24. Bc6 h5 25. Re8+ Rxe8 26. Bxe8 Kh7 27. Bxh5 g6 28. Bf3 f5 29. Kg2 Kh6 30. Rc1 Kg5 31. Rc6 f4 32. h4+ {White mates.} Kf5 33. g4+ Kf6 34. Be4 g5 35. h5 a5 36. h6 a4 37. h7 Kg7 38. Ra6 a3 39. bxa3 f3+ 40. Kxf3 Bf4 41. Ra8 c5 42. h8=Q+ Kf7 43. Ra7+ Ke6 44. Qh6+ Ke5 45. Re7# {White took control after the opening.} 1-0

[Event "400 Stay Safe Play From Home series"]
[Site "Emanuel Lasker Arena"]
[Date "2020.08.21"]
[Round "8"]
[White "Mepe_Nika"]
[Black "Lazieri3"]
[Result "1-0"]
[WhiteElo "2344"]
[BlackElo "1985"]
[Annotator "TA"]
[PlyCount "15"]
[EventDate "2020.08.21"]
[EventType "swiss (blitz)"]

{[%evp 9,15,35,114,100,106,95,308,306]} 1. a3 c6 2. d4 d5 3. Nf3 Nf6 4. c4 {[#]} Bg4 $146 ({Predecessor:} 4... a6 5. c5 Nbd7 6. Bf4 Nh5 7. e3 g6 8. Bd3 Bg7 9. O-O Nxf4 10. exf4 Qc7 11. Qd2 O-O {0-1 (22) Annakov,B (2513)-Sebag,M (2404) Moscow 2004}) 5. Ne5 Nbd7 (5... Bf5 $14) 6. Nxg4 $16 {A00: Irregular Openings.} Nxg4 {[#]} 7. e4 $1 {[%mdl 512]} dxe4 $2 (7... Nh6 $16) 8. Qxg4 1-0

[Event "400 Stay Safe Play From Home series"]
[Site "Emanuel Lasker Arena"]
[Date "2020.08.21"]
[Round "8"]
[White "Yuriko"]
[Black "Schachwerk_64"]
[Result "1-0"]
[WhiteElo "1920"]
[BlackElo "1966"]
[Annotator "NA RC"]
[PlyCount "57"]
[EventDate "2020.08.21"]
[EventType "swiss (blitz)"]

1. d4 {[%emt 0:00:00]} Nc6 {[%emt 0:00:01]} 2. d5 {[%emt 0:00:01]} Ne5 {[%emt 0:00:02]} 3. e4 {[%emt 0:00:00]} g6 {[%emt 0:00:02]} 4. c4 {[%emt 0:00:00]} f5 {[%emt 0:00:02]} 5. exf5 {[%emt 0:00:01]} gxf5 {[%emt 0:00:01]} 6. Nc3 {[%emt 0:00:00]} Nf6 {[%emt 0:00:02]} 7. Be2 {[%emt 0:00:01]} Bg7 {[%emt 0:00:02]} 8. Nf3 {[%emt 0:00:01]} Neg4 {[%emt 0:00:01]} 9. h3 {[%emt 0:00:01]} Nh6 {[%emt 0:00:01]} 10. Ng5 {[%emt 0:00:01]} Nf7 {[%emt 0:00:02]} 11. Bh5 {[%emt 0:00:01]} Nxh5 {[%emt 0:00:02]} 12. Qxh5 {[%emt 0:00:01]} Rf8 {[%emt 0:00:01]} 13. O-O {[%emt 0:00:03]} e6 {[%emt 0:00:03]} 14. Nxh7 {[%emt 0:00:05]} Rh8 {[%emt 0:00:02]} 15. Qg6 {[%emt 0:00:00]} Bxc3 {[%emt 0:00:09]} 16. bxc3 {[%emt 0:00:05]} Qh4 {[%emt 0:00:02]} 17. Ng5 {[%emt 0:00:07]} b6 {[%emt 0:00:09]} 18. Qxf7+ {[%emt 0:00:03]} Kd8 {[%emt 0:00:01]} 19. Qf6+ {[%emt 0:00:01]} Ke8 {[%emt 0:00:01]} 20. Qg6+ {[%emt 0:00:01]} Kd8 {[%emt 0:00:01]} 21. Nf7+ {[%emt 0:00:00]} Ke7 {[%emt 0:00:01]} 22. Bg5+ {[%emt 0:00:01]} Qxg5 {[%emt 0:00:02]} 23. Nxg5 {[%emt 0:00:00]} Kd6 {[%emt 0:00:00]} 24. dxe6 {[%emt 0:00:02]} dxe6 {[%emt 0:00:01]} 25. Rfc1 {[%emt 0:00:01]} Kc6 {[%emt 0:00:00]} 26. Nxe6 {[%emt 0:00:01]} Ba6 {[%emt 0:00:01]} 27. c5 {[%emt 0:00:01]} Rag8 {[%emt 0:00:01]} 28. Nd4+ {[%emt 0:00:03]} Kxc5 {[%emt 0:00:02]} 29. Qc6# {[%emt 0:00:01] (Lag: Av=0.44s, max=0.9s) (Lag: Av=0.44s, max=0.9s) (Lag: Av=0.44s, max=0.9s)} 1-0